Ročné zúčtovanie preddavkov na daň za rok 2018

Kalendárny rok sa v mzdovej učtárni považuje za zdaňovacie obdobie, ktoré je potrebné uzatvoriť. Zamestnanci majú povinnosť sa daňovo vysporiadať so zdaňovacím obdobím a pripraviť sa na nové. V tomto smere majú povinnosti zamestnávatelia a zamestnanci.

Salvato in:
Dettagli Bibliografici
Autore principale: Matlovičová, Iveta
Natura: Capitolo di libro
Lingua:slovacco
Soggetti:
Tags: Aggiungi Tag
Nessun Tag, puoi essere il primo ad aggiungerne!!

MARC

LEADER 00000naa a2200000 4500
001 0252198
005 20190319140942.9
041 0 |a slo 
044 |a SK 
245 1 0 |a Ročné zúčtovanie preddavkov na daň za rok 2018  |c Iveta Matlovičová 
520 |a Kalendárny rok sa v mzdovej učtárni považuje za zdaňovacie obdobie, ktoré je potrebné uzatvoriť. Zamestnanci majú povinnosť sa daňovo vysporiadať so zdaňovacím obdobím a pripraviť sa na nové. V tomto smere majú povinnosti zamestnávatelia a zamestnanci. 
610 2 0 |a preddavky 
610 2 0 |a zúčtovanie 
610 2 0 |a dane 
610 2 0 |a zamestnanci 
100 1 |a Matlovičová, Iveta